| 000 | 00388pab a2200157 454500 | ||
|---|---|---|---|
| 008 | 180718b2013 xxu||||| |||| 00| 0 eng d | ||
| 100 | _aNaik, B.M. | ||
| 245 | _aAlumni energise alma mater and alma mater energises Alumni: A win-win game | ||
| 260 | _c2013 | ||
| 300 | _ap.10-15. | ||
| 362 | _a7 Jan | ||
| 650 | _aAlumni | ||
| 773 | _aUniversity News | ||
| 908 | _aN | ||
| 909 | _a98477 | ||
| 999 |
_c98476 _d98476 |
||